| 000 | 00560nam a22001937a 4500 | ||
|---|---|---|---|
| 003 | SISC | ||
| 005 | 20170119141020.0 | ||
| 008 | 131216b xxu||||| |||| 00| 0 eng d | ||
| 020 | _a9781259026553 | ||
| 050 |
_aHD 31 _b.R913 2013 |
||
| 100 | _aRudani, Ramesh B. | ||
| 245 |
_aPrinciples of management / _cRamesh B. Rudani. |
||
| 260 |
_aNew Delhi : _bMcGraw Hill Education (India), _c2013. |
||
| 300 |
_axxvii, 793 pages : _billustrations ; _c23 cm. |
||
| 504 | _aIncludes Index. | ||
| 650 | _aManagement. | ||
| 942 |
_2lcc _cBK _kFOR |
||
| 999 |
_c25843 _d25843 |
||